Focus (Record no. 84391)

MARC details
000 -LEADER
fixed length control field 00731cab a22002055a 4500
001 - CONTROL NUMBER
control field L157452
008 - FIXED-LENGTH DATA ELEMENTS--GENERAL INFORMATION
fixed length control field 121206e20121013xxk 000 0 eng d
035 ## - SYSTEM CONTROL NUMBER
System control number (Sirsi) u157452
041 0# - LANGUAGE CODE
Language code of text/sound track or separate title eng
100 1# - MAIN ENTRY--PERSONAL NAME
Personal name Donnell, Richard
245 00 - TITLE STATEMENT
Title Focus
Remainder of title Residential
260 ## - PUBLICATION, DISTRIBUTION, ETC.
Date of publication, distribution, etc. 2012
490 ## - SERIES STATEMENT
Series statement Estates Gazette
Volume/sequential designation (1241) 13 October 2012, 73-87(12)
520 ## - SUMMARY, ETC.
Summary, etc. Includes information on build to rent, Garden Cities, a review of the Localism Act 2011 and Olympic legacy homes. Also comments on the government's choice of the Office of National Statistics to be Britain's official house price index.
590 ## - LOCAL NOTE (RLIN)
Local note KA
651 #4 - SUBJECT ADDED ENTRY--GEOGRAPHIC NAME
Geographic name United Kingdom
690 ## - LOCAL SUBJECT ADDED ENTRY--TOPICAL TERM (OCLC, RLIN)
Topical term or geographic name as entry element Residential property
9 (RLIN) 6266
700 1# - ADDED ENTRY--PERSONAL NAME
Personal name Norwood, Graham
942 ## - ADDED ENTRY ELEMENTS (KOHA)
Suppress in OPAC 0
Holdings
Withdrawn status Lost status Source of classification or shelving scheme Damaged status Not for loan Home library Current library Shelving location Date acquired Total Checkouts Full call number Barcode Date last seen Copy number Price effective from Koha item type
    Dewey Decimal Classification     London London Journal article 06/12/2012   L157452 157452-1001 06/08/2019 1 06/08/2019 Journal article